Catálogo público

Reporte de viaje generacional del 28 de enero al 9 de febrero de 2008 : (Record no. 176739)

MARC details
000 -CABECERA
campo de control de longitud fija 03006nam a2200553Ia 4500
001 - NÚMERO DE CONTROL
campo de control dia_5722
003 - IDENTIFICADOR DEL NÚMERO DE CONTROL
campo de control CHAP
005 - FECHA Y HORA DE LA ÚLTIMA TRANSACCIÓN
campo de control 20240315110611.0
007 - CAMPO FIJO DE DESCRIPCIÓN FÍSICA--INFORMACIÓN GENERAL
campo de control de longitud fija ta
008 - DATOS DE LONGITUD FIJA--INFORMACIÓN GENERAL
campo de control de longitud fija 220117s2008 mx ado fr 001 0 spa d
040 ## - FUENTE DE LA CATALOGACIÓN
Centro/agencia transcriptor CHAP
Centro catalogador/agencia de origen mxchpua
090 ## - LOCALMENTE ASIGNADO TIPO-LC NÚMERO DE CLASIFICACIÓN (OCLC); NÚMERO DE CLASIFICACIÓN LOCAL (RLIN)
Número de clasificación (OCLC) (R) ; Numero de clasificación, CALL (RLIN) (NR) T.C.475
Número cutter local (OCLC) ; Número de libro/Signatura topográfica íntegra, CALL (RLIN) V45 IA
Año 2008
245 10 - MENCIÓN DE TÍTULO
Título Reporte de viaje generacional del 28 de enero al 9 de febrero de 2008 :
Resto del título zona Bajío /
Mención de responsabilidad, etc. coordinadora Alejandra Velázquez Castillo ; colaboradores Selene Carolina Cleofas Hernández...[et al.]
260 ## - PUBLICACIÓN, DISTRIBUCIÓN, ETC.
Lugar de publicación, distribución, etc. México :
Nombre del editor, distribuidor, etc. El autor,
Fecha de publicación, distribución, etc. 2008
300 ## - DESCRIPCIÓN FÍSICA
Extensión 98 hojas :
Otras características físicas ilustraciones, gráficas, diagramas, tablas, fotos +
Material acompañante/anejo CD-ROM
336 ## - TIPO DE CONTENIDO
Fuente rdacontent
Término de tipo de contenido texto
Código de tipo de contenido txt
337 ## - TIPO DE MEDIO
Fuente rdamedia
Nombre/término del tipo de medio no mediado
Código del tipo de medio n
338 ## - TIPO DE SOPORTE
Fuente rdacarrier
Nombre/término del tipo de soporte volumen
Código del tipo de soporte nc
500 ## - NOTA GENERAL
Nota general 4° año Grupo 2 --<br/>Contiene directorio en cada empresa. -- <br/>El CD contiene reporte.
502 ## - NOTA DE TESIS
Nota de tesis Viaje de Estudios
Tipo de título (IA) --
Nombre de la institución que otorga el título UACh. Departamento de Ingeniería Agroindustrial,
Año de obtención del título 2008
505 ## - NOTA DE CONTENIDO CON FORMATO
Título Empresas visitadas: --<br/>1. Cervecería Cuahutemoc-Moctezuma, S. A. de C. V. -- <br/>2. Pastas La Moderna, S. A. de C. V. -- <br/>3. Ingenio Santa Clara, S. A. de C. V. -- <br/>4. Empacadora de Aguacates Ávalos, S. A. de C. V. -- <br/>5. Procesadora de Tilapia, NUTRIPESCA, S. A. de C. V. -- <br/>6. Tequila Corralejo, S. A. de C. V. -- <br/>7. Danone, S. A. de C. V. -- <br/>8. Cristalizadora de fresa La cristalita, S. A. de C. V. -- <br/>9. Congeladora de Frutas Niño, S. A. de C. V. -- <br/>10. Molinos Azteca de Bajío MASECA, S. A. de C. V. -- <br/>11. Curtiduría Maquilas Muñoz, S. A. de C. V. -- <br/>12. Cajetas La Reina, S. A. de C. V. -- <br/>13. Planta de Precesamiento de Aves BACHOCO, S. A. de C. V. -- <br/>14. Deshidratadora La Cascada, S. A. de C. V. -- <br/>15. Molino de harina de trigo La Queretana, S. A. de C. V. -- <br/>16. Cavas FLEIXENET de México, S. A. de C. V.
650 13 - PUNTO DE ACCESO ADICIONAL DE MATERIA--TÉRMINO DE MATERIA
Término de materia o nombre geográfico como elemento de entrada Alimentos deshidratados
9 (RLIN) 154330
650 13 - PUNTO DE ACCESO ADICIONAL DE MATERIA--TÉRMINO DE MATERIA
Término de materia o nombre geográfico como elemento de entrada Industria avícola
9 (RLIN) 157032
650 13 - PUNTO DE ACCESO ADICIONAL DE MATERIA--TÉRMINO DE MATERIA
Término de materia o nombre geográfico como elemento de entrada Industria cervecera
9 (RLIN) 57799
650 13 - PUNTO DE ACCESO ADICIONAL DE MATERIA--TÉRMINO DE MATERIA
Término de materia o nombre geográfico como elemento de entrada Industria de los alimentos
9 (RLIN) 148659
650 13 - PUNTO DE ACCESO ADICIONAL DE MATERIA--TÉRMINO DE MATERIA
Término de materia o nombre geográfico como elemento de entrada Industria de productos agrícolas
9 (RLIN) 151277
650 13 - PUNTO DE ACCESO ADICIONAL DE MATERIA--TÉRMINO DE MATERIA
Término de materia o nombre geográfico como elemento de entrada Industria molinera
9 (RLIN) 157045
650 13 - PUNTO DE ACCESO ADICIONAL DE MATERIA--TÉRMINO DE MATERIA
Término de materia o nombre geográfico como elemento de entrada Plantas empacadoras
9 (RLIN) 148404
650 13 - PUNTO DE ACCESO ADICIONAL DE MATERIA--TÉRMINO DE MATERIA
Término de materia o nombre geográfico como elemento de entrada Productos lácteos
9 (RLIN) 92124
650 13 - PUNTO DE ACCESO ADICIONAL DE MATERIA--TÉRMINO DE MATERIA
Término de materia o nombre geográfico como elemento de entrada Tequila
9 (RLIN) 112336
650 13 - PUNTO DE ACCESO ADICIONAL DE MATERIA--TÉRMINO DE MATERIA
Término de materia o nombre geográfico como elemento de entrada Dairy products
9 (RLIN) 147027
650 13 - PUNTO DE ACCESO ADICIONAL DE MATERIA--TÉRMINO DE MATERIA
Término de materia o nombre geográfico como elemento de entrada Dried foods
9 (RLIN) 154331
650 13 - PUNTO DE ACCESO ADICIONAL DE MATERIA--TÉRMINO DE MATERIA
Término de materia o nombre geográfico como elemento de entrada Food industry
9 (RLIN) 148657
650 13 - PUNTO DE ACCESO ADICIONAL DE MATERIA--TÉRMINO DE MATERIA
Término de materia o nombre geográfico como elemento de entrada Brewing industry
9 (RLIN) 151423
650 13 - PUNTO DE ACCESO ADICIONAL DE MATERIA--TÉRMINO DE MATERIA
Término de materia o nombre geográfico como elemento de entrada Horticultural products industry
9 (RLIN) 151276
650 13 - PUNTO DE ACCESO ADICIONAL DE MATERIA--TÉRMINO DE MATERIA
Término de materia o nombre geográfico como elemento de entrada Milling industry
9 (RLIN) 157318
650 13 - PUNTO DE ACCESO ADICIONAL DE MATERIA--TÉRMINO DE MATERIA
Término de materia o nombre geográfico como elemento de entrada Packing houses
9 (RLIN) 148403
650 13 - PUNTO DE ACCESO ADICIONAL DE MATERIA--TÉRMINO DE MATERIA
Término de materia o nombre geográfico como elemento de entrada Poultry industry
9 (RLIN) 155311
700 1# - PUNTO DE ACCESO ADICIONAL--NOMBRE DE PERSONA
Nombre de persona Velázquez Castillo, Alejandra
9 (RLIN) 118517
Término indicativo de función/relación coordinadora
700 1# - PUNTO DE ACCESO ADICIONAL--NOMBRE DE PERSONA
Nombre de persona Cleofas Hernández, Selene Carolina
9 (RLIN) 23786
Término indicativo de función/relación colaboradora
856 ## - LOCALIZACIÓN Y ACCESO ELECTRÓNICOS
Identificador Uniforme del Recurso <a href="http://10.13.5.2/ve/TC475IA/TC475IA2008-REPORTE.pdf">http://10.13.5.2/ve/TC475IA/TC475IA2008-REPORTE.pdf</a>
Texto de enlace DESCARGAR REPORTE
942 ## - ELEMENTOS DE PUNTO DE ACCESO ADICIONAL (KOHA)
Fuente del sistema de clasificación o colocación Clasificación Universidad Autónoma de Chapingo
901 ## - ELEMENTOS DE DATOS A LOCAL LDA (RLIN)
a T.C.475 V45 IA 2008
902 ## - ELEMENTOS DE DATOS B LOCAL, LDB (RLIN)
a M
905 ## - ELEMENTOS DE DATOS E LOCAL, LDE (RLIN)
a 5232272008 mx dil 8223123322spa16
942 ## - ELEMENTOS DE PUNTO DE ACCESO ADICIONAL (KOHA)
Tipo de ítem Koha Viaje de Estudios
Holdings
Estado de retiro Estado de pérdida Fuente del sistema de clasificación o colocación Estado dañado Restricciones de uso No para préstamo Código de colección Localización permanente Ubicación/localización actual Fecha de adquisición Fuente de adquisición Total de préstamos Signatura topográfica completa Código de barras Fecha visto por última vez Número de copia Precio válido a partir de Tipo de ítem Koha Ubicación en estantería
    Clasificación Universidad Autónoma de Chapingo   Préstamo interno   Viajes de Estudio Ingenieria Agroindustrial Ingenieria Agroindustrial 18/01/2022 El autor   T.C.475 V45 IA 2008 1106008683 18/01/2022 Ej. 2 18/01/2022 CD  
    Clasificación Universidad Autónoma de Chapingo   Préstamo interno   Viajes de Estudio Ingenieria Agroindustrial Ingenieria Agroindustrial 18/01/2022 El autor   T.C.475 V45 IA 2008 1106008682 26/01/2026 Ej. 1 18/01/2022 Viaje de Estudios  
    Clasificación Universidad Autónoma de Chapingo       Viajes de estudio - En línea Ingenieria Agroindustrial Ingenieria Agroindustrial 15/03/2024     T.C.475 V45 IA 2008 1206008682 15/03/2024   15/03/2024 Viajes de Estudio - En línea En línea